Statistics for Country by Country Elimination

Click here to take the quiz!

General Stats

  • This quiz has been taken 66 times
  • The average score is 9 of 22

Answer Stats

HintAnswer% Correct
Only borders a single countryCanada
88%
Named for a precious metalArgentina
67%
Outside Europe, but never a colony of European powersJapan
64%
It's capital begins with CAustralia
60%
Touches the Caribbean SeaTrinidad and Tobago
55%
Home to the mouth of its continent's longest riverBrazil
50%
Formerly occupied by the United StatesPhilippines
50%
Member of OPECVenezuela
45%
Did not exist in 1980Estonia
40%
Is landlockedLuxembourg
40%
Winner of the Men's FIFA World CupSpain
38%
Uninhabited in the year 1 ADMadagascar
36%
Not majority Christian or MuslimNepal
33%
Borders two or more oceansCosta Rica
29%
Located fully in the Southern HemisphereFiji
29%
Borders a country beginning with LEgypt
26%
Most of its coastline is on its eastVietnam
26%
Joined the Axis Powers in WWIIHungary
24%
Former province of the Roman EmpireSyria
24%
Part of the Commonwealth of NationsGhana
21%
Has a mountain over 20,000 ft in elevationBolivia
19%
Does not have English as an official languageAngola
17%

Score Distribution

Percentile by Number Answered

Percent of People with Each Score

Your Score History

You have not taken this quiz